| 000 | 01632nam a2200457 i 4500 | ||
|---|---|---|---|
| 001 | 1640 | ||
| 003 | KOSZ 005 | ||
| 005 | 20191021082438.0 | ||
| 008 | 020718s1978 pl a |000 0 pol | ||
| 015 | _aPB 1978/1443 | ||
| 035 | _a991018822119705066 | ||
| 035 | _a(PL-WaBN)b15101630-48omnis_nlop | ||
| 035 | _ab15101630 | ||
| 035 | _a(OCoLC)749328436 | ||
| 035 | _a(PL)b0000001510163 | ||
| 035 | _a(EXLNZ-48OMNIS_NETWORK)9910188685905606 | ||
| 040 |
_aWA N _cWA N _dKOSZ 005/HR |
||
| 080 | _a519.2 | ||
| 080 | _a(075.8) | ||
| 080 | _a(076) | ||
| 100 | 1 |
_aPlucińska, Agnieszka _d(1932- ) _eAutor |
|
| 245 | 1 | 0 |
_aZadania z rachunku prawdopodobieństwa i statystyki matematycznej : _bdla studentów politechnik / _cAgnieszka Plucińska, Edmund Pluciński. |
| 250 | _aWyd. 6. | ||
| 260 |
_aWarszawa : _bPaństwowe Wydaw. Naukowe, _c1978 dr. ukończ. 1977. |
||
| 300 |
_a138, [3] s. : _bil., tab., wykr. ; _c21 cm. |
||
| 336 |
_2rdacontent _aTekst _btxt |
||
| 337 |
_2rdamedia _aBez urządzenia pośredniczącego _bn |
||
| 338 |
_2rdacarrier _aWolumin _bnc |
||
| 380 | _aKsiążki | ||
| 380 | _aPublikacje dydaktyczne | ||
| 385 |
_mPoziom nauczania _aSzkoły wyższe |
||
| 388 | _a1901-2000 | ||
| 650 | 7 |
_aRachunek prawdopodobieństwa _2DBN |
|
| 650 | 7 |
_aStatystyka matematyczna _2DBN |
|
| 655 | 7 |
_aĆwiczenia i zadania dla szkół wyższych _2DBN |
|
| 658 | _aMatematyka | ||
| 700 | 1 |
_aPluciński, Edmund _d(1929-2014) _eAutor |
|
| 856 |
_uhttp://koha.tu.koszalin.pl/cgi-bin/koha/opac-detail.pl?biblionumber=1640 _yKatalog online BPK |
||
| 942 |
_2UKD _cKS |
||
| 999 |
_c1640 _d1640 |
||